El nivel y la composición del gasto real del sector gubernamental de la República Argentina: 1930-1977 (Registro nro. 16359)
[ vista simple ]
| 000 -LEADER | |
|---|---|
| fixed length control field | 00433 a2200121 4500 |
| 001 - CONTROL NUMBER | |
| control field | ART_3405 |
| 005 - DATE AND TIME OF LATEST TRANSACTION | |
| control field | 20260410161714.0 |
| 008 - FIXED-LENGTH DATA ELEMENTS--GENERAL INFORMATION | |
| fixed length control field | 260409a |
| 100 1# - MAIN ENTRY--PERSONAL NAME | |
| Personal name | Schulthess, Wálter E. |
| 245 10 - TITLE STATEMENT | |
| Title | El nivel y la composición del gasto real del sector gubernamental de la República Argentina: 1930-1977 |
| 700 1# - ADDED ENTRY--PERSONAL NAME | |
| Personal name | Mann, Arthur J. |
| 773 0# - HOST ITEM ENTRY | |
| Title | Desarrollo económico |
| Related parts | - Vol. 21, Nº 82 (jul./sep. 1981) |
| Record control number | REV1174 |
No hay ítems disponibles.